| 000 | 00863cab a2200229 4500 | ||
|---|---|---|---|
| 001 | ABS50728 | ||
| 008 | 090401t1994 xxu||||| |||| 00| 0 eng d | ||
| 035 | _a(Sirsi) u26704 | ||
| 041 | _aeng | ||
| 100 | _aGummer, J. | ||
| 245 | _aPlanning for sustainable development | ||
| 260 | _c1994 | ||
| 350 | _a0 | ||
| 490 |
_aTown & Country Planning _v63(3) March 1994, 78-79(2) |
||
| 520 | _aFollowing his address to the TCPA Annual Seminar on Planning and Development Control, the Environment Secretary outlines here his views on sustainable development and the planning policies to be adopted to maintain present lifestyle choices without compromising the future environment. | ||
| 650 | _aPLANNING ISSUES | ||
| 650 | _aSUSTAINABLE DEVELOPMENT | ||
| 650 | _aTRANSPORT PLANNING | ||
| 690 | _aPLANNING LAW AND PRACTICE | ||
| 942 | _n0 | ||
| 948 | _c04/03/1997 | ||
| 999 |
_c17971 _d17971 |
||